Intrusive God, disruptive gospel : (Record no. 8578)

MARC details
000 -LEADER
fixed length control field 01601nam a22002297a 4500
003 - CONTROL NUMBER IDENTIFIER
control field GBCCL
005 - DATE AND TIME OF LATEST TRANSACTION
control field 20241126110653.0
008 - FIXED-LENGTH DATA ELEMENTS--GENERAL INFORMATION
fixed length control field 210414b ||||| |||| 00| 0 eng d
020 ## - INTERNATIONAL STANDARD BOOK NUMBER
International Standard Book Number 9781587433757
020 ## - INTERNATIONAL STANDARD BOOK NUMBER
International Standard Book Number 1587433753
040 ## - CATALOGING SOURCE
Transcribing agency GBC
082 ## - DEWEY DECIMAL CLASSIFICATION NUMBER
Classification number 226.607
Item number SKI
100 ## - MAIN ENTRY--PERSONAL NAME
Personal name Skinner, Matthew L.
9 (RLIN) 15124
245 ## - TITLE STATEMENT
Title Intrusive God, disruptive gospel :
Remainder of title encountering the divine in the Book of Acts /
Statement of responsibility, etc. Matthew L. Skinner.
260 ## - PUBLICATION, DISTRIBUTION, ETC.
Place of publication, distribution, etc. Grand Rapids, Michigan :
Name of publisher, distributor, etc. Brazos Press,
Date of publication, distribution, etc. 2015
300 ## - PHYSICAL DESCRIPTION
Extent xvii, 189 pages ;
Dimensions 22 cm
505 ## - FORMATTED CONTENTS NOTE
Formatted contents note As You Read This Book --<br/>Emerging Realities --<br/>Expansions --<br/>God Is Still Speaking --<br/>Very Public Disturbances --<br/>The Witness Goes to Rome.
505 ## - FORMATTED CONTENTS NOTE
Formatted contents note <br/>This engaging book guides readers through one of the most colorful books of the Bible, illuminating passages from Acts that show the Christian gospel expressing itself through the lives, speech, struggles, and adventures of Jesus's followers. The book emphasizes the disruptive character of the Christian gospel and shows how Acts repeatedly describes God as upsetting the status quo by changing people's lives, society's conventions, and our basic expectations of what's possible. Suited for individual and group study, this book by a New Testament scholar with a gift for popular communication asks serious questions and eschews pat answers, bringing Acts alive for contemporary reflection on the character of God, the challenges of faith, and the church.
650 ## - SUBJECT ADDED ENTRY--TOPICAL TERM
Topical term or geographic name entry element Bible.
Form subdivision Acts
General subdivision Criticism, interpretation, etc.
9 (RLIN) 14862
650 ## - SUBJECT ADDED ENTRY--TOPICAL TERM
Topical term or geographic name entry element Bible.
Form subdivision Acts.
9 (RLIN) 9964
942 ## - ADDED ENTRY ELEMENTS (KOHA)
Source of classification or shelving scheme Dewey Decimal Classification
Koha item type Books
Koha issues (borrowed), all copies 1
Holdings
Withdrawn status Lost status Source of classification or shelving scheme Damaged status Not for loan Home library Current Library Shelving location Date acquired Total checkouts Full call number Barcode Date last seen Date last checked out Copy number Price effective from Koha item type
    Dewey Decimal Classification     GRACE BIBLE COLLEGE GRACE BIBLE COLLEGE Biblical Studies 2021-04-14 1 226.607 SKI 020218 2025-05-01 2022-04-14 c.1 2021-04-14 Books
    Dewey Decimal Classification     GRACE BIBLE COLLEGE GRACE BIBLE COLLEGE Biblical Studies 2023-09-22   226.607 SKI 020575 2025-05-01   c.2 2023-09-22 Books
© Grace Bible College Library 2025